| 000 | 01348nam a22002897a 4500 | ||
|---|---|---|---|
| 005 | 20140909072218.0 | ||
| 008 | 130802s1996 aca g 000 0 eng | ||
| 040 |
_aCO-BoUCM _cJose A. Gerena (modificó) _dAldemar Mondragón |
||
| 041 | 0 | _aeng | |
| 092 | _aDVD 1264 | ||
| 245 | 0 | 0 |
_aShine _h[DVD] _cScott Hicks, director |
| 260 |
_a[Canberra] _bFine Line Features _c1996 |
||
| 300 |
_a1 disco (105 min.) _bsonido, color |
||
| 505 | _rSIPNOSIS: El pianista David Helfgott sufre un colapso, presionado por su padre y sus profesores. Tiempo después retoma el piano, atendiendo un reconocimiento popular aunque no crítico | ||
| 508 | _aCREDITOS: Director Scott Hicks ; Writers Jan Sardi (screenplay), Scott Hicks (story) | ||
| 511 | _aREPARTO: Geoffrey Rush, Justin Braine, Sonia Todd, See full cast and crew | ||
| 586 | _aPremio de la académia, ganador mejor actor Geoffrey Rush | ||
| 600 | 1 | 4 |
_aHelfgott, David _d1947- _942015 |
| 650 | 7 |
_aEnfermedades mentales _vDvd _942017 |
|
| 650 | 7 |
_aEsquizofrenia _vDvd _942018 |
|
| 650 | 7 |
_aPianistas _vDvd _942016 |
|
| 690 | _aEntretenimiento | ||
| 700 | 1 |
_aHicks,Scott _edirector _941989 |
|
| 856 | 4 | 0 |
_zVer el trailer _uhttps://www.youtube.com/watch?v=vTt4Ar6pzO4 |
| 856 | 4 | 0 |
_uhttps://www.youtube.com/watch?v=vTt4Ar6pzO4 _zSiga este vínculo para ver el trailer. |
| 942 |
_cMULTIMEDIA _2LOCAL _a11 |
||
| 999 |
_c167150 _d167150 |
||